000 00787nam a2200193 4500
008 080819s1991 be b 001 0 eng d
020 _a9068313088 :Php10.00 (AGST)
090 _aBX4705.N5
_bM55c
100 1 _aMerrigan, Terrence.
245 1 0 _aClear heads and holy hearts :
_bthe religious and theological ideal of John Henry Newman /
_cTerrence Merrigan ; with a foreword by Ian Ker.
260 _aLouvain :
_bPeeters Press,
_c1991.
300 _axvi, 272 p. ;
_c21 cm.
490 1 _aLouvain theological & pastoral monographs ;
_v7
504 _aIncludes bibliographical references and indexes.
600 1 4 _aNewman, John Henry,
_d1801-1890.
650 4 _aTheology
_xHistory
_y19th century.
951 _p32223
_x00036785
_oBX4705.N5/M55c
_j080819135248187
_d2000-12-21
999 _c32078
_d32078